Statistics for Jeopardy #8581

Click here to take the quiz!

General Stats

  • This quiz has been taken 28 times
  • The average score is 10 of 61

Answer Stats

CategoryCashClueAnswer% Correct
LAS VEGAS HOTEL NAMES$200This pink bird always seems to have a leg upflamingo
75%
THE KOREAN WAR$200This capital of South Korea changed hands 4 times during the course of the warSeoul
69%
LAS VEGAS HOTEL NAMES$600Like America, this northern African desert is about 3,000 miles from east to westthe Sahara
69%
ARTISTS ON THE MOVE$600Monet was fond of setting up shop by this river & making impressions of the Palace of Westminsterthe Thames
56%
ENDS WITH "OUT"!$200To stick out your lips to show displeasurepout
50%
TREES$400One of these alliterative trees named for how they droop was dedicated to the memory of the singer Aaliyaha weeping willow
44%
THE KOREAN WAR$600In 2018 South Korea's Moon Jae-in & this North Korean leader pledged to formally end the war but it hasn't happened... yetKim Jong-un
44%
TREES$200Gifted from Japan as a token of friendship in 1912, here are these trees doing their thing in Washington, D.C. as only they cana cherry blossom
38%
AROUND THE WORLD IN 50 SECONDS$400In 2021 France lost about 7' of country after a farmer in this North Sea nation to the north moved a stone markerBelgium
38%
ENDS WITH "OUT"!$600Someone who's trying to get more followers on social media is said to be "chasing" thisclout
38%
THE KOREAN WAR$400With subzero weather at the Battle of Chosin Reservoir, vets suffered the long-term effects of this cold injury, including gangrenefrostbite
38%
ARTISTS ON THE MOVE$400In 1872 Edgar Degas fittingly vacationed & painted in this southern state; you can visit the house he stayed atLouisiana
38%
THE KOREAN WAR$800Less than a year after he was chosen supreme commander of U.S.-led forces, he was relieved of all duties by President TrumanMacArthur
38%
LAS VEGAS HOTEL NAMES$1000In 1983 Duran Duran informed us "her name is" this "& she dances on the sand"Rio
38%
LAS VEGAS HOTEL NAMES$800Arrrr! Jim Hawkins be dealin' with pirates in this 1883 novelTreasure Island
38%
ENDS WITH "OUT"!$800On October 26, 1881 a famous one of these took place at the O.K. Corrala shootout
31%
AROUND THE WORLD IN 50 SECONDS$1600Considered Japan's mainland, this island has more than 6,000 miles of coastlineHonshu
31%
LAS VEGAS HOTEL NAMES$400Lighters--or maybe cell phone flashlights--out! This interjection from the French means "again"encore
25%
SCRAMBLED HATS$400Go south by southwest: MORE ORBSa sombrero
19%
THY FEARFUL SYMMETRY$800The 4 interlocking silver rings in the logo of this brand symbolize the 1932 merger of 4 auto manufacturersAudi
19%
TREES$800This giant tree bears the name of a Cherokee leader who created a writing systemsequoia
19%
SCRAMBLED HATS$1200Ideal for detecting: ELK ARRESTEDa deerstalker
13%
ARTISTS ON THE MOVE$200After a trip to Egypt, French artist Jean-Léon Gérôme captured men being attentive inside one of these structuresa mosque
13%
THY FEARFUL SYMMETRY$400Won't lovers revolt now? is this type of phrasea palindrome
13%
TV DOUBLE TAKES$600Rose NivensBetty White
13%
TREES$1000Captain Bligh had saplings of this tree aboard the Bounty during the voyage that was marked by mutinybreadfruit
13%
BACK ME UP$1600While her song "You're So Vain" is not about Mick Jagger, he did provide backing vocalsCarly Simon
13%
TV DOUBLE TAKES$200T.J. KirkShatner
13%
ENDS WITH "OUT"!$1000For over 40 years the American Cancer Society has hosted "The Great American" this on the third Thursday in NovemberSmokeout
13%
AROUND THE WORLD IN 50 SECONDS$1200In 2021, National Geographic recognized a fifth ocean, the one seen here, by calling it this directional namethe Southern Ocean
13%
SCRAMBLED HATS$800'60s sensation: LOX BLIPa pillbox
6%
SCRAMBLED HATS$2000Chefly chapeau:QUOTEa toque
6%
SPACE: KIND OF HUGE$1200The nearest example of a red supergiant is this bright star; it's still 724 light-years away, & don't say it 3 timesBetelgeuse
6%
THE KOREAN WAR$1000In September 1950, United States troops made a surprise landing at this strategic port, changing the course of the warInchon
6%
TV DOUBLE TAKES$1000Little Joe IngallsMichael Landon
6%
TV DOUBLE TAKES$400Barney HowserNeil Patrick Harris
6%
BAD PEOPLE IN BOOKS$800Things turn out badly for Randle McMurphy in "One Flew Over the Cuckoo's Nest" because of this medical proNurse Ratchet
6%
BAD PEOPLE IN BOOKS$400Katniss thinks this man, leader of the Capitol, smells like blood & rosesPresident Snow
6%
AROUND THE WORLD IN 50 SECONDS$800Both the Brown v. Board of Education National Hstoric Site & the Evel Knievel Museum are in this state capitalTopeka
6%
TREES$600This tree first brought from Australia to Hawaii in the 1880s can produce 65 pounds of nuts each yeara macadamaia tree
0%
BAD PEOPLE IN BOOKS$2000This character tells Paul Sheldon, "You're going to use this typewriter to write a new novel! Your best novel! 'Misery's Return!"'Annie Wilkes
0%
SCRAMBLED HATS$1600Perfect on a president: I TOP VEEPSa stovepipe
0%
SPACE: KIND OF HUGE$400A planetoid called Farfarout is the most distant object in our solar system at 132 A.U.s, short for this; 1 A.U. is 93 million milesastronomical unit
0%
ARTISTS ON THE MOVE$800Kandinsky, a Muscovite, headed west to Germany, painting in Munich & teaching at this "house of building" school in WeimarBalhaus
0%
THY FEARFUL SYMMETRY$2000In radial symmetry called pantamerism, a creature can split along several axes; in this type of symmetry, only the left & right sides matchbilateral symmetry
0%
SPACE: KIND OF HUGE$800NASA reported the wingspan of this insect-named nebula covers 3 light-years & ejects layers of gas from a dying star at the centerbutterfly
0%
BAD PEOPLE IN BOOKS$1600Smallpox is but one of the retributions suffered by the villainous Madame de Merteuil in this 1782 French novelDangerous Liaisons
0%
BACK ME UP$800John Lennon not only co-wrote this Bowie song that asks, What's your name? What's your name?, he also sang on it"Fame"
0%
SPACE: KIND OF HUGE$2000Launched in 1989, the Galileo craft took the long wav 'round to this planet in a 6-year, 2.4-billion-mile circuitous routeJupiter
0%
TV DOUBLE TAKES$800Elaine MeyerLouis-Dreyfus
0%
BACK ME UP$1200She was a backup singer for Brenda K. Starr when she was discovered in the late '80s--19 No. 1 hits later...Mariah Carey
0%
BACK ME UP$2000He backed up Steely Dan before fronting the Doobie Brothers, then went solo with songs like "I Keep Forgettin"'Michael McDonald
0%
THY FEARFUL SYMMETRY$1600Laying down the math laws, the commutative law is on the top & this law is on the bottomthe associative law
0%
HISTORIC EUROPEAN FAMILIESN/AThis family has been traced to the Mugello valley around the year 1200 & the name suggests the trade of physicianthe Medici
0%
ENDS WITH "OUT"!$400According to an idiom, it's what the guy on the right isthe odd man out
0%
AROUND THE WORLD IN 50 SECONDS$2000Here is Stromboli, an Italian volcano off Sicily, actively volcanoing into this sea of the Mediterraneanthe Tyrrhenian Sea
0%
BACK ME UP$400She sang backup for Garth Brooks before her own career took off & in 2005, she married himTrisha Yearwood
0%
BAD PEOPLE IN BOOKS$1200This slimy villain of "David Copperfield" gets his comeuppance as seen in the illustration hereUriah Heep
0%
ARTISTS ON THE MOVE$1000Landscape painter J.M.W. Turner based the painting seen here on a visit he made to this cityVenice
0%
SPACE: KIND OF HUGE$1600In 1977 this probe 2 launched 2 weeks before probe 1; it took 12 years to reach Neptune before hitting interstellar spaceVoyager
0%
THY FEARFUL SYMMETRY$1200Symmetry can give a sense of peace as in a chapel inspired by a Psalm about the shadow of these animal partswings
0%

Score Distribution

Percentile by Number Answered

Percent of People with Each Score

Your Score History

You have not taken this quiz